000 00761nam a2200277Ia 4500
008 170203s9999 xx 000 0 und d
020 _a0-590394835
050 _aFic
050 _bB879a
100 _aBrown, Marc Tolon.
245 _aArthur writes a story /
245 _cMarc Brown.
260 _aNew York :
260 _bScholastic,
260 _c1997
300 _a1 volume (unpaged) :
300 _bcolor illustrations ;
300 _c26 cm
500 _a"Adapted by Marc Brown from a teleplay by Joe Fallon"--Title page verso.
650 _aAnimals --
650 _aArthur (Fictitious character : Brown) --
650 _aAuthorship --
650 _xFiction.
650 _xJuvenile fiction.
650 _xJuvenile fiction.
999 _c306534
_d306534